Normal view
MARC view
Entry Término temático
001 - NÚMERO DE CONTROL
- campo de control: 166369
003 - IDENTIFICADOR DEL NÚMERO DE CONTROL
- campo de control: OSt
005 - FECHA Y HORA DE LA ÚLTIMA TRANSACCIÓN
- campo de control: 20220127160936.0
008 - DATOS DE LONGITUD FIJA
- campo de control de longitud fija: 220127|| aca||aabn | a|a d
040 ## - FUENTE DE LA CATALOGACIÓN
- Centro catalogador/agencia de origen: OSt
- Centro/agencia transcriptor: OSt
150 ## - ENCABEZAMIENTO--TÉRMINO DE MATERIA
- Término de materia o nombre geográfico como elemento de entrada: Maíz
- Subdivisión general: Malas hierbas
- Subdivisión general: Control Calabaza
- Subdivisión general: Malas hierbas
670 ## - FUENTE DE DATOS ENCONTRADOS
- Cita de la fuente: Work cat.: (OSt)201456: González Meza, Arnulfo 49177, Fertilización y control de maleza en la asociación maíz-1B-calabaza en la zona henequenera /
